000
00322nam a2200133Ia 4500
008
220204s9999 xx 000 0 und d
082
_a
576.3
_b
BRO
100
_a
Bertke, Eldridge M
245
0
_a
Textbook of cytology
250
_a
2
260
_a
Saint Louis
_b
C V Mosby
_c
1974
700
_a
Brown, Walter V
942
_c
BK
999
_c
26176
_d
26176